000 00858nam a2200253 i 4500
001 20836
003 ES-MaACL
005 20260216063016.0
007 t|
008 021119m19681969mx ||||1| spa d
100 1 _aAlamán, Lucas,
_d1792-1853
_919094
245 1 0 _aHistoria de Méjico /
_cLucas Alaman.
250 _a2ª ed.
260 _aMéxico :
_bEd. Jus,
_c1968-69.
300 _a4 v. :
_bil. ;
_c23 cm.
490 1 _aColección "México heróico" ;
_v79-82
500 _aSon los v.: II, III, IV, V.
594 _aPrecede al tít.: Obras de D. Lucas Alaman.
651 4 _aMéxico-
_xHistoria-
_y1810-1821, Guerra de la Independencia.
_9168986
651 4 _aMéxico-
_xHistoria-
_z1821-1861.
_99064
830 0 _aColección "México heróico" ;
_v79-82
_9180738
852 _aES-MaACL
_jE-9906-09
_bR.94149
999 _c20836
_d20836